[Event "POL-chT U20 2nd League"]
[Site "Szczyrk"]
[Date "2017.07.30"]
[Round "11.72"]
[White "Guzik, Natalia"]
[Black "Rudecki, Bartosz"]
[Result "1-0"]
[WhiteElo "1845"]
[BlackElo "1943"]
[PlyCount "125"]
[EventDate "2017.07.22"]
[EventType "team-swiss"]
[EventRounds "11"]
[EventCountry "POL"]
[SourceTitle "EXT 2019"]
[Source "ChessBase"]
[SourceDate "2018.10.10"]
[SourceVersion "1"]
[SourceVersionDate "2018.10.10"]
[SourceQuality "1"]

1. e4 e5 2. Nf3 Nc6 3. Bc4 Bc5 4. d3 d6 5. c3 Nf6 6. 0-0 h6 7. Nbd2 Bg4 8. Re1 Qd7 9. Nf1 g5 10. b4 Bb6 11. Be3 Ne7 12. Bxb6 axb6 13. d4 Ng6 14. h3 Bxh3 15. gxh3 Nf4 16. N3h2 Nxh3+ 17. Kg2 Nh5 18. Ng4 N5f4+ 19. Kh2 0-0-0 20. Nfe3 exd4 21. cxd4 h5 22. Nf6 Nxf2 23. Nxd7 Nxd1 24. Nxb6+ cxb6 25. Raxd1 h4 26. Nd5 Nh5 27. Nxb6+ Kb8 28. Bxf7 Nf4 29. Nd5 Rdf8 30. Nxf4 Rxf7 31. Nd3 Rhf8 32. Rg1 Re8 33. e5 dxe5 34. Nxe5 Rg7 35. Rg4 Ka7 36. Rdg1 Rd8 37. Nf3 Rc8 38. Rxg5 Rf7 39. Ra5+ Kb8 40. Ne5 Rf4 41. Rg4 Rxg4 42. Nxg4 Rc4 43. a3 Rxd4 44. Kh3 b6 45. Re5 Kb7 46. Kxh4 Ka6 47. Kg3 Rd3+ 48. Re3 Rd2 49. Kf3 Kb5 50. Ne5 Ra2 51. Ke4 Rd2 52. Rd3 Rh2 53. Kd4 Ka4 54. Nc4 Rh4+ 55. Kd5 Rh5+ 56. Kc6 Rh6+ 57. Rd6 Rh4 58. Nxb6+ Kxa3 59. Nd5 Ka4 60. b5 Ka5 61. b6 Rh8 62. Kc7 Ka6 63. Nb4+ 1-0

[Event "POL-chT U20 2nd League"]
[Site "Szczyrk"]
[Date "2017.07.28"]
[Round "9.72"]
[White "Guzik, Natalia"]
[Black "Kus, Aleksander"]
[Result "0-1"]
[WhiteElo "1845"]
[BlackElo "1894"]
[PlyCount "54"]
[EventDate "2017.07.22"]
[EventType "team-swiss"]
[EventRounds "11"]
[EventCountry "POL"]
[SourceTitle "EXT 2019"]
[Source "ChessBase"]
[SourceDate "2018.10.10"]
[SourceVersion "1"]
[SourceVersionDate "2018.10.10"]
[SourceQuality "1"]

1. e4 e6 2. d4 d5 3. e5 c5 4. c3 Nc6 5. Nf3 Bd7 6. Be2 f6 7. 0-0 fxe5 8. Nxe5 Nxe5 9. dxe5 Qc7 10. f4 0-0-0 11. Kh1 Ne7 12. Be3 Nf5 13. Bg1 g5 14. b4 gxf4 15. Rxf4 Qxe5 16. Rf3 Rg8 17. Rh3 d4 18. Bf3 Kb8 19. bxc5 Bxc5 20. Qb3 Bb6 21. Nd2 Bc6 22. Bxc6 bxc6 23. Nf3 Qe2 24. Ne1 Ne3 25. Qxe6 Rxg2 26. Rxh7 Rxg1+ 27. Kxg1 Qf1# 0-1

[Event "POL-chT U20 2nd League"]
[Site "Szczyrk"]
[Date "2017.07.26"]
[Round "7.78"]
[White "Guzik, Natalia"]
[Black "Wolak, Kamil"]
[Result "1-0"]
[WhiteElo "1845"]
[BlackElo "1349"]
[PlyCount "71"]
[EventDate "2017.07.22"]
[EventType "team-swiss"]
[EventRounds "11"]
[EventCountry "POL"]
[SourceTitle "EXT 2019"]
[Source "ChessBase"]
[SourceDate "2018.10.10"]
[SourceVersion "1"]
[SourceVersionDate "2018.10.10"]
[SourceQuality "1"]

1. e4 c5 2. Nf3 Nc6 3. d4 cxd4 4. Nxd4 e5 5. Nb5 a6 6. Nd6+ Bxd6 7. Qxd6 Qf6 8. Qa3 Qg6 9. Nc3 Nge7 10. Be3 0-0 11. 0-0-0 Re8 12. h4 h5 13. Nb5 Rb8 14. Nc7 Rd8 15. Bc5 Qh6+ 16. Kb1 Qf6 17. g3 b6 18. Rd6 bxc5 19. Rxf6 gxf6 20. Qf3 d6 21. Qxf6 Bg4 22. f3 Be6 23. Nxe6 fxe6 24. Bh3 Rf8 25. Qxe6+ Kg7 26. g4 Rf6 27. Qc4 Nd4 28. gxh5 Nxf3 29. Qe2 Rbf8 30. Bf5 Nxf5 31. Qxf3 Nxh4 32. Qg4+ Kh6 33. a3 Nf3 34. Ka2 Nd2 35. Rg1 R8f7 36. Qg5+ 1-0

[Event "POL-chT U20 2nd League"]
[Site "Szczyrk"]
[Date "2017.07.24"]
[Round "4.67"]
[White "Guzik, Natalia"]
[Black "Dzwierzynski, Bartosz"]
[Result "1-0"]
[WhiteElo "1845"]
[BlackElo "1752"]
[PlyCount "65"]
[EventDate "2017.07.22"]
[EventType "team-swiss"]
[EventRounds "11"]
[EventCountry "POL"]
[SourceTitle "EXT 2019"]
[Source "ChessBase"]
[SourceDate "2018.10.10"]
[SourceVersion "1"]
[SourceVersionDate "2018.10.10"]
[SourceQuality "1"]

1. e4 c5 2. Nf3 d6 3. d4 cxd4 4. Nxd4 Nf6 5. Nc3 g6 6. Be3 Bg7 7. f3 Nc6 8. Qd2 0-0 9. g4 Be6 10. 0-0-0 Nxd4 11. Bxd4 Qa5 12. Kb1 Rfc8 13. a3 Rab8 14. h4 b5 15. Nxb5 Rxb5 16. Bxb5 Qxb5 17. h5 a5 18. hxg6 hxg6 19. Rh4 Rc4 20. c3 Qb3 21. Rdh1 Qa2+ 22. Kc1 Rxd4 23. cxd4 Bb3 24. Qc3 Ne8 25. Kd2 Be6 26. Kc2 a4 27. Qc6 Qb3+ 28. Kc1 Qc4+ 29. Qxc4 Bxc4 30. d5 Bf6 31. R4h2 Bg5+ 32. Kc2 Nf6 33. b4 1-0

[Event "POL-chT U20 2nd League"]
[Site "Szczyrk"]
[Date "2017.07.24"]
[Round "3.78"]
[White "Guzik, Natalia"]
[Black "Kawalko, Adam"]
[Result "1-0"]
[WhiteElo "1845"]
[BlackElo "1848"]
[PlyCount "107"]
[EventDate "2017.07.22"]
[EventType "team-swiss"]
[EventRounds "11"]
[EventCountry "POL"]
[SourceTitle "EXT 2019"]
[Source "ChessBase"]
[SourceDate "2018.10.10"]
[SourceVersion "1"]
[SourceVersionDate "2018.10.10"]
[SourceQuality "1"]

1. e4 c5 2. Nf3 e6 3. d4 cxd4 4. Nxd4 a6 5. Bd3 Qc7 6. Qe2 d6 7. Nc3 Nf6 8. Bd2 Be7 9. 0-0 Nbd7 10. Kh1 b5 11. f4 Bb7 12. Rae1 Nc5 13. e5 Nfd7 14. exd6 Qxd6 15. Nb3 Nxd3 16. cxd3 Bh4 17. Ne4 Qe7 18. Rc1 0-0 19. Rc7 Bxe4 20. Qxe4 Qd6 21. Rfc1 Nf6 22. Qf3 Nd5 23. R7c6 Qd7 24. R6c2 Be7 25. Nc5 Bxc5 26. Rxc5 Rfc8 27. f5 Rxc5 28. Rxc5 Rc8 29. fxe6 fxe6 30. d4 Rf8 31. Qd3 Qf7 32. Rc1 Qf2 33. h3 Rf6 34. Rc8+ Kf7 35. Rc1 g6 36. Qc2 Qxd4 37. Bc3 Nxc3 38. bxc3 Qa7 39. Rd1 Rf2 40. Qe4 Rf5 41. Qc6 Kf6 42. Re1 Re5 43. Qf3+ Rf5 44. Qc6 Qf2 45. Qxe6+ Kg7 46. Qe7+ Kh6 47. Re4 Rg5 48. Re2 Qf1+ 49. Kh2 Qf4+ 50. Kh1 Qc1+ 51. Kh2 Qxc3 52. Qf8+ Qg7 53. Qf4 Kh5 54. g4+ 1-0

[Event "POL-chT U19 2nd League"]
[Site "Iwonicz"]
[Date "2016.07.31"]
[Round "10.49"]
[White "Guzik, Natalia"]
[Black "Zarnowski, Krzysztof"]
[Result "0-1"]
[WhiteElo "1608"]
[BlackElo "2034"]
[PlyCount "56"]
[EventDate "2016.07.23"]
[EventType "team-swiss"]
[EventRounds "11"]
[EventCountry "POL"]
[SourceTitle "EXT 2019"]
[Source "ChessBase"]
[SourceDate "2018.10.10"]
[SourceVersion "1"]
[SourceVersionDate "2018.10.10"]
[SourceQuality "1"]
[WhiteTeam "Wielun UKS Piatka U19"]
[BlackTeam "Brzozow UKS SP 1 U19"]
[WhiteTeamCountry "POL"]
[BlackTeamCountry "POL"]

1. e4 c5 2. Nf3 e6 3. d4 cxd4 4. Nxd4 a6 5. Nc3 Qc7 6. Be3 Nf6 7. f3 d6 8. Bd3 b5 9. a3 Be7 10. 0-0 e5 11. Nb3 0-0 12. Qe1 Be6 13. g4 Nbd7 14. g5 Nh5 15. Kh1 Nb6 16. Ne2 Nc4 17. Bc1 f5 18. exf5 Bxf5 19. Bxf5 Rxf5 20. Ng3 Nxg3+ 21. Qxg3 Qc6 22. Kg1 Raf8 23. Kg2 Nxb2 24. h4 Qxc2+ 25. Rf2 Qxb3 26. Bxb2 Rxf3 27. Rxf3 Qxb2+ 28. Qf2 Qxa1 0-1

[Event "POL-chT U19 2nd League"]
[Site "Iwonicz"]
[Date "2016.07.31"]
[Round "7.61"]
[White "Guzik, Natalia"]
[Black "Zylinski, Piotr"]
[Result "1/2-1/2"]
[WhiteElo "1608"]
[BlackElo "1577"]
[PlyCount "100"]
[EventDate "2016.07.23"]
[EventType "team-swiss"]
[EventRounds "11"]
[EventCountry "POL"]
[SourceTitle "EXT 2019"]
[Source "ChessBase"]
[SourceDate "2018.10.10"]
[SourceVersion "1"]
[SourceVersionDate "2018.10.10"]
[SourceQuality "1"]
[WhiteTeam "Wielun UKS Piatka U19"]
[BlackTeam "Rydultowy Ognisko U19 II"]
[WhiteTeamCountry "POL"]
[BlackTeamCountry "POL"]

1. e4 Nf6 2. Nc3 d5 3. exd5 Nxd5 4. Bc4 Be6 5. Qf3 c6 6. Nge2 Nc7 7. Bxe6 Nxe6 8. 0-0 g6 9. d4 Bg7 10. Be3 0-0 11. Rad1 Nd7 12. Qh3 Nf6 13. f4 Nc7 14. f5 Ncd5 15. Nxd5 Nxd5 16. Bh6 Qb6 17. Bxg7 Kxg7 18. c4 Nf6 19. b3 Rad8 20. Qh4 Qa5 21. a4 Rde8 22. Rd3 e5 23. fxe6 Rxe6 24. Nf4 Re4 25. Nh5+ Qxh5 26. Qxf6+ Kg8 27. Rdf3 Qg4 28. h3 Qd7 29. Rd1 b5 30. axb5 cxb5 31. c5 Rc8 32. Rc3 Qd5 33. Rcd3 Rc6 34. Qf3 f5 35. Qg3 f4 36. Qf3 Kg7 37. Kh2 g5 38. R3d2 Rce6 39. Re1 Qf5 40. Rxe4 Rxe4 41. Qd3 Qe6 42. Qxb5 Re3 43. Qb7+ Kh6 44. Qxa7 Rxb3 45. Ra2 g4 46. hxg4 Kg5 47. Ra6 Rh3+ 48. Kxh3 Qe3+ 49. Kh2 Qg3+ 50. Kg1 Qe1+ 1/2-1/2

[Event "POL-ch U16 Girls"]
[Site "Szklarska Poreba"]
[Date "2016.03.19"]
[Round "8"]
[White "Guzik, Natalia"]
[Black "Szulc, Patrycja"]
[Result "1-0"]
[WhiteElo "1619"]
[BlackElo "1692"]
[PlyCount "53"]
[EventDate "2016.03.13"]
[EventType "swiss"]
[EventRounds "9"]
[EventCountry "POL"]
[SourceTitle "EXT 2018"]
[Source "ChessBase"]
[SourceDate "2017.10.13"]
[SourceVersion "1"]
[SourceVersionDate "2017.10.13"]
[SourceQuality "1"]

1. e4 c5 2. Nf3 d6 3. c3 d5 4. exd5 Qxd5 5. d4 Bg4 6. Be2 Nf6 7. h3 Bh5 8. c4 Qc6 9. 0-0 e6 10. Nc3 Be7 11. Bf4 cxd4 12. Nb5 Na6 13. Nfxd4 Bxe2 14. Qxe2 Qe4 15. Qxe4 Nxe4 16. Rfe1 Nec5 17. Rad1 0-0 18. a3 Bf6 19. b4 Nd7 20. Nxe6 fxe6 21. Rxd7 e5 22. Bxe5 Rae8 23. f4 Rf7 24. Rxf7 Kxf7 25. Nd6+ Kf8 26. Nxe8 Kxe8 27. Bxf6+ 1-0

[Event "POL-ch U16 Girls"]
[Site "Szklarska Poreba"]
[Date "2016.03.16"]
[Round "5"]
[White "Przepiora, Anna"]
[Black "Guzik, Natalia"]
[Result "1-0"]
[WhiteElo "1243"]
[BlackElo "1619"]
[PlyCount "73"]
[EventDate "2016.03.13"]
[EventType "swiss"]
[EventRounds "9"]
[EventCountry "POL"]
[SourceTitle "EXT 2018"]
[Source "ChessBase"]
[SourceDate "2017.10.13"]
[SourceVersion "1"]
[SourceVersionDate "2017.10.13"]
[SourceQuality "1"]

1. e4 c5 2. Nf3 Nc6 3. d4 cxd4 4. Nxd4 g6 5. Be3 Bg7 6. Nc3 Nf6 7. Bc4 0-0 8. Bb3 d6 9. f3 Bd7 10. Qd2 Qa5 11. 0-0-0 Rfc8 12. Kb1 Ne5 13. g4 Nc4 14. Bxc4 Rxc4 15. Nb3 Qc7 16. h4 Rc8 17. h5 b5 18. Rh2 b4 19. Nd5 Nxd5 20. exd5 a5 21. hxg6 fxg6 22. Bd4 Bxd4 23. Nxd4 Rf8 24. Ne6 Bxe6 25. dxe6 Rcf4 26. Rxh7 Kxh7 27. Qh2+ Kg7 28. g5 Rh8 29. Qxf4 Rh5 30. Qf7+ Kh8 31. Qxg6 Rh2 32. Qe8+ Kg7 33. Qf7+ Kh8 34. Qf8+ Kh7 35. g6+ Kxg6 36. Rg1+ Kh7 37. Qg7# 1-0

[Event "POL-ch U16 Girls"]
[Site "Szklarska Poreba"]
[Date "2016.03.14"]
[Round "2"]
[White "Guzik, Natalia"]
[Black "Surpeta, Julia"]
[Result "1-0"]
[WhiteElo "1619"]
[BlackElo "1339"]
[PlyCount "135"]
[EventDate "2016.03.13"]
[EventType "swiss"]
[EventRounds "9"]
[EventCountry "POL"]
[SourceTitle "EXT 2018"]
[Source "ChessBase"]
[SourceDate "2017.10.13"]
[SourceVersion "1"]
[SourceVersionDate "2017.10.13"]
[SourceQuality "1"]

1. e4 e6 2. d4 d5 3. e5 c5 4. c3 Qb6 5. Nf3 Bd7 6. a3 a5 7. b3 Nc6 8. Be2 cxd4 9. cxd4 Nge7 10. Nc3 Nf5 11. Na4 Qa7 12. Bb2 Be7 13. Rc1 b6 14. Bb5 Nxe5 15. Nxe5 Bxb5 16. Nc3 Bd7 17. Qf3 0-0 18. Qd3 f6 19. Nf3 a4 20. bxa4 Bxa4 21. Nxd5 Qa5+ 22. Nc3 Bb3 23. Nd2 Bd5 24. Nc4 Bxc4 25. Qxc4 Rfe8 26. 0-0 Bf8 27. Rfe1 Rac8 28. Qd3 Rcd8 29. Nb5 Rc8 30. Qb3 Kh8 31. Bc3 Qa6 32. Rxe6 Rxc3 33. Nxc3 Rxe6 34. Qxe6 Qxa3 35. Qe1 Nxd4 36. h3 h6 37. Ra1 Qxc3 38. Qxc3 Ne2+ 39. Kf1 Nxc3 40. Ra8 Kg8 41. Rb8 Nd5 42. Rd8 Nc7 43. Rb8 b5 44. Rc8 Ne6 45. Rc6 Kf7 46. Ke1 b4 47. g3 Ke7 48. Kd2 Kd7 49. Ra6 Kc7 50. Rxe6 Bd6 51. Kd3 Kc6 52. Kc4 h5 53. Re8 Kd7 54. Rh8 g6 55. Rg8 g5 56. Rh8 h4 57. gxh4 gxh4 58. Rxh4 Ke6 59. Rg4 Kf5 60. f3 Be7 61. h4 Bf8 62. h5 Ke6 63. Rg6 Kf7 64. f4 f5 65. Rb6 Kg7 66. Kd5 b3 67. Rxb3 Kh6 68. Rh3 1-0

[Event "POL-ch U16 Girls"]
[Site "Szklarska Poreba"]
[Date "2016.03.13"]
[Round "1"]
[White "Parol, Pola"]
[Black "Guzik, Natalia"]
[Result "1-0"]
[WhiteElo "1893"]
[BlackElo "1619"]
[PlyCount "81"]
[EventDate "2016.03.13"]
[EventType "swiss"]
[EventRounds "9"]
[EventCountry "POL"]
[SourceTitle "EXT 2018"]
[Source "ChessBase"]
[SourceDate "2017.10.13"]
[SourceVersion "1"]
[SourceVersionDate "2017.10.13"]
[SourceQuality "1"]

1. e4 c5 2. Nf3 Nc6 3. d4 cxd4 4. Nxd4 g6 5. Nc3 Bg7 6. Be3 Nf6 7. Bc4 0-0 8. Bb3 d6 9. f3 Bd7 10. Qd2 Qa5 11. 0-0-0 Rfc8 12. Kb1 Rab8 13. Rhe1 Ne5 14. Bh6 b5 15. Nd5 Qxd2 16. Nxe7+ Kf8 17. Bxg7+ Kxg7 18. Rxd2 Rc5 19. Nd5 Nc4 20. Bxc4 bxc4 21. Nxf6 Kxf6 22. Ne2 c3 23. Rxd6+ Ke7 24. Red1 Rxb2+ 25. Ka1 Be6 26. Ra6 Rxc2 27. Rxa7+ Kf6 28. Nf4 Rd2 29. Rc1 Ke5 30. g3 g5 31. Nxe6 Kxe6 32. f4 gxf4 33. gxf4 Rxh2 34. Ra6+ Ke7 35. Ra7+ Kf8 36. Ra8+ Kg7 37. Rg1+ Kh6 38. Ra6+ Kh5 39. e5 c2 40. Rg5+ Kh4 41. Rh6# 1-0

[Event "POL-chT U19 46th"]
[Site "Ustron"]
[Date "2015.07.25"]
[Round "1.24"]
[White "Krzywnicka, Maria"]
[Black "Guzik, Natalia"]
[Result "1-0"]
[WhiteElo "1564"]
[BlackElo "1722"]
[PlyCount "51"]
[EventDate "2015.07.25"]
[EventType "team-tourn"]
[EventRounds "9"]
[EventCountry "POL"]
[SourceTitle "EXT 2018"]
[Source "ChessBase"]
[SourceDate "2017.10.13"]
[SourceVersion "1"]
[SourceVersionDate "2017.10.13"]
[SourceQuality "1"]
[WhiteTeam "Gorzow Wielkopolski Stilon U19"]
[BlackTeam "Rybnik MKSz U19"]
[WhiteTeamCountry "POL"]
[BlackTeamCountry "POL"]

1. e4 c5 2. Nc3 Nc6 3. g3 g6 4. d3 Bg7 5. Bg2 d6 6. Be3 e6 7. Qd2 Nge7 8. Bh6 0-0 9. h4 f5 10. h5 Rf7 11. hxg6 hxg6 12. Nf3 Nd4 13. Bxg7 Nxf3+ 14. Bxf3 Rxg7 15. Qh6 Bd7 16. 0-0-0 Rc8 17. g4 Nc6 18. gxf5 exf5 19. exf5 Nb4 20. fxg6 Kf8 21. Qh8+ Rg8 22. g7+ Kf7 23. Bh5+ Ke7 24. Rde1+ Be6 25. Qh6 Qd7 26. Qg5# 1-0

[Event "POL-ch U14 Girls"]
[Site "Suwalki"]
[Date "2015.04.14"]
[Round "9"]
[White "Kindler, Karolina"]
[Black "Guzik, Natalia"]
[Result "0-1"]
[WhiteElo "1564"]
[BlackElo "1800"]
[PlyCount "112"]
[EventDate "2015.04.08"]
[EventType "swiss"]
[EventRounds "9"]
[EventCountry "POL"]
[SourceTitle "EXT 2017"]
[Source "ChessBase"]
[SourceDate "2016.10.25"]
[SourceVersion "1"]
[SourceVersionDate "2016.10.25"]
[SourceQuality "1"]

1. e4 c5 2. Nf3 d6 3. d4 cxd4 4. Nxd4 Nf6 5. Nc3 g6 6. Be3 Bg7 7. Be2 Nc6 8. Nb3 0-0 9. f4 e6 10. g4 a6 11. g5 Ne8 12. h4 b5 13. h5 Bb7 14. hxg6 fxg6 15. Bg4 Qe7 16. Qf3 Ne5 17. Qh3 Nxg4 18. Qxg4 b4 19. Na4 Bxe4 20. Rh2 Bc6 21. Nb6 Bxb2 22. Rb1 Bc3+ 23. Bd2 Rb8 24. Nc4 e5 25. Re2 Qf7 26. Bxc3 bxc3 27. Ne3 Qxf4 28. Qxf4 Rxf4 29. Rd1 Bf3 30. Rf2 Bxd1 31. Rxf4 exf4 32. Nxd1 Rc8 33. Nd4 Ng7 34. Kf2 Nf5 35. Ne2 Ne3 36. Nxe3 fxe3+ 37. Kxe3 Rc5 38. Kd4 Rxg5 39. Nxc3 h5 40. Ke4 h4 41. Kf4 h3 42. Ne4 h2 43. Kxg5 h1Q 44. Ng3 Qd5+ 45. Kg4 Qxa2 46. Ne4 Qc4 47. Kf3 Qxc2 48. Ke3 Qxe4+ 49. Kxe4 a5 50. Kd5 a4 51. Kxd6 a3 52. Ke6 a2 53. Kf6 a1Q+ 54. Kxg6 Qe5 55. Kh6 Kf7 56. Kh7 Qg7# 0-1

[Event "POL-ch U14 Girls"]
[Site "Suwalki"]
[Date "2015.04.13"]
[Round "8"]
[White "Guzik, Natalia"]
[Black "Krzywnicka, Maria"]
[Result "0-1"]
[WhiteElo "1800"]
[BlackElo "1473"]
[PlyCount "134"]
[EventDate "2015.04.08"]
[EventType "swiss"]
[EventRounds "9"]
[EventCountry "POL"]
[SourceTitle "EXT 2017"]
[Source "ChessBase"]
[SourceDate "2016.10.25"]
[SourceVersion "1"]
[SourceVersionDate "2016.10.25"]
[SourceQuality "1"]

1. e4 c5 2. Nf3 d6 3. d4 Nf6 4. Nc3 cxd4 5. Nxd4 a6 6. Bg5 Nbd7 7. Bc4 Qc7 8. Bb3 h6 9. Be3 b5 10. Qe2 Bb7 11. f3 Nb6 12. 0-0-0 g6 13. e5 dxe5 14. Ndxb5 axb5 15. Nxb5 Qc6 16. Bxb6 Qxb6 17. Qxe5 Bg7 18. Nc7+ Kf8 19. Nxa8 Bxa8 20. Qc3 Bc6 21. Qc4 Kg8 22. Qxf7+ Kh7 23. Qe6 Nh5 24. Qc4 Rf8 25. c3 Nf4 26. Rd2 e6 27. Kb1 Qe3 28. Rhd1 Bd5 29. Qb4 Rc8 30. Qe7 Bxb3 31. axb3 Qb6 32. Rd7 Rg8 33. Rb7 Qe3 34. Ra7 Qe2 35. Rd6 Nd5 36. Kc1 Qe3+ 37. Kb1 Qxa7 38. Qxe6 Nf6 39. b4 Re8 40. Qb3 Qf2 41. b5 Qc5 42. c4 Re7 43. Qa3 Qxa3 44. bxa3 Nd7 45. a4 Bc3 46. Ra6 Bb4 47. Rc6 Ne5 48. Rc8 Nd7 49. Rc7 Nb6 50. Rxe7+ Bxe7 51. Kc2 Nxc4 52. Kc3 Na5 53. Kd4 Nb7 54. Kd5 Kg7 55. Kc6 Na5+ 56. Kc7 Bf6 57. b6 Be5+ 58. Kc8 Bxh2 59. b7 Nc6 60. Kd7 Nb8+ 61. Ke6 Bf4 62. Kd5 Kf6 63. Kc5 Kg5 64. a5 Kh4 65. Kb6 Kg3 66. a6 Nxa6 67. Kxa6 Kxg2 0-1

[Event "POL-ch U14 Girls"]
[Site "Suwalki"]
[Date "2015.04.11"]
[Round "6"]
[White "Guzik, Natalia"]
[Black "Borsuk, Aleksandra"]
[Result "1-0"]
[WhiteElo "1800"]
[BlackElo "1190"]
[PlyCount "75"]
[EventDate "2015.04.08"]
[EventType "swiss"]
[EventRounds "9"]
[EventCountry "POL"]
[SourceTitle "EXT 2017"]
[Source "ChessBase"]
[SourceDate "2016.10.25"]
[SourceVersion "1"]
[SourceVersionDate "2016.10.25"]
[SourceQuality "1"]

1. e4 e6 2. d3 d5 3. Nd2 c5 4. Ngf3 Nc6 5. g3 Bd6 6. Bg2 Nf6 7. 0-0 0-0 8. c3 d4 9. Nc4 e5 10. a4 Be6 11. Qe2 Bxc4 12. dxc4 dxc3 13. bxc3 Qe7 14. Nh4 h6 15. Nf5 Qc7 16. Qf3 Ne7 17. Nxh6+ Kh7 18. Nf5 Nxf5 19. Qxf5+ Kg8 20. Bg5 Be7 21. f4 exf4 22. e5 Nh7 23. Bxf4 Rad8 24. e6 Qb6 25. exf7+ Rxf7 26. Bd5 Rxd5 27. Qxd5 Nf6 28. Qg2 Qa6 29. Qe2 b6 30. Qe6 Qb7 31. Bg5 Qb8 32. Rad1 Bd8 33. Bxf6 Bxf6 34. Rd7 Qf8 35. g4 a5 36. Qxf7+ Qxf7 37. Rxf7 Kxf7 38. g5 1-0

[Event "POL Olympiad U14 Girls"]
[Site "Spala"]
[Date "2014.12.30"]
[Round "7.4"]
[White "Guzik, Natalia"]
[Black "Stebel, Agata"]
[Result "1-0"]
[WhiteElo "1498"]
[BlackElo "1673"]
[PlyCount "95"]
[EventDate "2014.04.06"]
[EventType "swiss"]
[EventRounds "9"]
[EventCountry "POL"]
[SourceTitle "EXT 2023"]
[Source "ChessBase"]
[SourceDate "2022.10.05"]
[SourceVersion "1"]
[SourceVersionDate "2022.10.05"]
[SourceQuality "1"]

1. e4 c5 2. Nf3 Nc6 3. d4 cxd4 4. Nxd4 Nf6 5. Nc3 e5 6. Ndb5 d6 7. Nd5 Nxd5 8. exd5 Nb8 9. c3 Be7 10. Bd3 0-0 11. 0-0 a6 12. Na3 f5 13. f4 Nd7 14. Be3 exf4 15. Bxf4 Bg5 16. Kh1 Ne5 17. Be2 Bxf4 18. Rxf4 g5 19. Rf1 Qf6 20. Qd4 f4 21. Nc4 g4 22. Rae1 b5 23. Nd2 Qh6 24. Bd1 g3 25. Qg1 Nd3 26. Re7 Qh4 27. Re2 Nf2+ 28. Rexf2 gxf2 29. Rxf2 Bf5 30. Nf3 Qh6 31. Nd4 Rae8 32. Re2 Rxe2 33. Bxe2 Kh8 34. Nxf5 Rxf5 35. Qa7 f3 36. Qd4+ Re5 37. Bxf3 Qc1+ 38. Bd1 Qxb2 39. Qh4 Qxc3 40. Qd8+ Kg7 41. Qd7+ Kg8 42. Qd8+ Kg7 43. Qd7+ Kf6 44. Qxd6+ Kg5 45. h4+ Kxh4 46. Qh6+ Kg3 47. Qh3+ Kf2 48. Qxc3 1-0

[Event "POL Olympiad U14 Girls"]
[Site "Spala"]
[Date "2014.12.30"]
[Round "5.11"]
[White "Guzik, Natalia"]
[Black "Wojcik, Jagoda"]
[Result "1-0"]
[WhiteElo "1498"]
[BlackElo "1407"]
[PlyCount "87"]
[EventDate "2014.04.06"]
[EventType "swiss"]
[EventRounds "9"]
[EventCountry "POL"]
[SourceTitle "EXT 2023"]
[Source "ChessBase"]
[SourceDate "2022.10.05"]
[SourceVersion "1"]
[SourceVersionDate "2022.10.05"]
[SourceQuality "1"]

1. e4 c5 2. Nf3 Nc6 3. d4 cxd4 4. Nxd4 g6 5. Nc3 Bg7 6. Be3 Nf6 7. f3 0-0 8. Nb3 d6 9. Qd2 Re8 10. 0-0-0 Be6 11. g4 a5 12. Bb5 Bd7 13. a4 Ne5 14. Qe2 Bxb5 15. Nxb5 Qc8 16. h4 Qc4 17. Qf2 Rec8 18. Nc3 Nfd7 19. Kb1 Nc6 20. Nd4 Qb4 21. Nd5 Qxa4 22. Nxc6 bxc6 23. Nxe7+ Kf8 24. Nxc8 Rxc8 25. Qd2 d5 26. Bh6 Nb6 27. Bxg7+ Kxg7 28. Qd4+ Qxd4 29. Rxd4 dxe4 30. Rxe4 Nd5 31. Rhe1 Rb8 32. Re8 Rb7 33. Kc1 Rb5 34. Rc8 Rc5 35. c3 Nb4 36. Rd1 Nd5 37. Rd4 Nb6 38. Rb8 Nd5 39. Kd2 Nc7 40. Rd7 Ne6 41. Rbb7 h5 42. Rxf7+ Kg8 43. Rfe7 Nf4 44. Re8# 1-0

[Event "POL Olympiad U14 Girls"]
[Site "Spala"]
[Date "2014.12.30"]
[Round "4.15"]
[White "Malinowska, Monika"]
[Black "Guzik, Natalia"]
[Result "0-1"]
[WhiteElo "1326"]
[BlackElo "1498"]
[PlyCount "102"]
[EventDate "2014.04.06"]
[EventType "swiss"]
[EventRounds "9"]
[EventCountry "POL"]
[SourceTitle "EXT 2023"]
[Source "ChessBase"]
[SourceDate "2022.10.05"]
[SourceVersion "1"]
[SourceVersionDate "2022.10.05"]
[SourceQuality "1"]

1. d4 d5 2. c4 e6 3. Nc3 Be7 4. Nf3 Nf6 5. Bg5 0-0 6. e3 h6 7. Bh4 c6 8. Bd3 dxc4 9. Bxc4 b5 10. Bd3 Nbd7 11. 0-0 Bb7 12. Rc1 Rc8 13. Re1 b4 14. Ne4 Nxe4 15. Bxe7 Nxf2 16. Bh7+ Kh8 17. Bxd8 Nxd1 18. Rexd1 Rfxd8 19. Bd3 a5 20. Nd2 Nb6 21. Rf1 Rc7 22. Nb3 a4 23. Nc5 Rdc8 24. Be4 Nd5 25. Rfe1 a3 26. bxa3 bxa3 27. Bc2 Ba8 28. Bb3 Nb6 29. Rc3 Nd7 30. Rec1 Nxc5 31. Rxc5 Ra7 32. d5 exd5 33. Bxd5 Re7 34. e4 Kg8 35. Kf2 Kf8 36. Kf3 Re5 37. Kf4 f6 38. R1c3 Rce8 39. Bxc6 Rxc5 40. Rxc5 Rc8 41. Bxa8 Rxc5 42. Bd5 Ke7 43. Bb3 Rc3 44. Bd5 g6 45. h3 Kd6 46. Bf7 g5+ 47. Kg4 Ke5 48. h4 Kxe4 49. hxg5 hxg5 50. Bg8 f5+ 51. Kxg5 Rg3+ 0-1

[Event "POL-chT U19 2nd League"]
[Site "Szczyrk"]
[Date "2014.07.28"]
[Round "5.69"]
[White "Guzik, Natalia"]
[Black "Chodorowski, Adrian"]
[Result "1-0"]
[WhiteElo "1539"]
[BlackElo "1363"]
[PlyCount "95"]
[EventDate "2014.07.25"]
[EventType "team-swiss"]
[EventRounds "11"]
[EventCountry "POL"]
[SourceTitle "EXT 2015"]
[Source "ChessBase"]
[SourceDate "2014.11.20"]
[SourceVersion "1"]
[SourceVersionDate "2014.11.20"]
[SourceQuality "1"]
[WhiteTeam "Wielun UKS Piatka U19"]
[BlackTeam "Krosno KKSz Urania U19"]
[WhiteTeamCountry "POL"]
[BlackTeamCountry "POL"]

1. e4 c5 2. Nf3 Nc6 3. d4 cxd4 4. Nxd4 d6 5. Nc3 g6 6. Be3 Bg7 7. Qd2 Nf6 8. h3 0-0 9. Be2 Be6 10. 0-0 a6 11. f4 b5 12. Nxc6 Qc7 13. Nd5 Bxd5 14. exd5 Ne4 15. Qc1 e6 16. c4 Rfe8 17. cxb5 axb5 18. Bxb5 Qb7 19. a4 exd5 20. Na5 Qe7 21. Bxe8 Qxe8 22. Qc6 Qd8 23. Bb6 Qb8 24. Qb7 Qxb7 25. Nxb7 Rb8 26. Rac1 Rxb7 27. Rc8+ Bf8 28. a5 Nc5 29. Bxc5 dxc5 30. a6 Ra7 31. Ra1 c4 32. Rb8 Kg7 33. Rb7 Kf6 34. Rxa7 Bc5+ 35. Kf1 Bxa7 36. Re1 d4 37. Rc1 Kf5 38. Rxc4 Ke4 39. Ke2 Bb6 40. b4 f5 41. b5 h6 42. Ra4 Ba7 43. b6 Bxb6 44. a7 Bxa7 45. Rxa7 d3+ 46. Kd2 Kxf4 47. Kxd3 Kg3 48. Ra6 1-0